Mystery of the haunted tower

Bibliographic Details
Format: Book
Published: Kuala Lumpur : Penerbitan Gema Insan , 2007
Series:Intelligent 5 series
Subjects:

MARC

LEADER 00000cam a2200000 7i4500
001 0000001755
005 20151222.0
008 070709
020 |a 983570192X 
090 0 0 |a JF   |b ENG 
245 1 0 |a Mystery of the haunted tower 
260 |a Kuala Lumpur :   |b Penerbitan Gema Insan ,   |c 2007 
440 |a Intelligent 5 series 
500 |a Children ages 10-12 years old (pink) 
650 0 |a Adventure 
650 0 |a Junior fiction   |x English   |x Languages 
999 |a 0000966510   |b Book   |c Children Collection   |e Cawangan Taman Sri Lambak 
999 |a 0000966511   |b Book   |c Children Collection   |e Cawangan Taman Sri Lambak 
999 |a 0001164352   |b Book   |c Children Collection   |e Cawangan Mersing 
999 |a 0001164353   |b Book   |c Children Collection   |e Cawangan Taman Universiti 
999 |a 0001164356   |b Book   |c Children Collection   |e Cawangan Bandar Penawar 
999 |a 0001164357   |b Book   |c Teenagers   |e Cawangan Bandar Tenggara 
999 |a 0001164358   |b Book   |c Children Collection   |e Cawangan Bukit Gambir 
999 |a 0001164359   |b Book   |c Children Collection   |e Cawangan Tangkak 
999 |a 0001164360   |b Book   |c Children Collection   |e Cawangan Segamat 
999 |a 0001164361   |b Book   |c Children Collection   |e Cawangan Batu Pahat 
999 |a 0001164363   |b Book   |c Children Collection   |e Cawangan Pontian 
999 |a 0001164365   |b Book   |c Children Collection   |e Cawangan Tmn. Ungku Tun Aminah